000 00308nam a22001337a 4500
082 _a891.4393
100 _aAltamash
245 _aDastaan eman faroshon ki part 2 3
260 _aLahore,
_bIlm o irfan publishers
_c2011.
300 _a512p. :
650 _aUrdu literature
700 _aAltamash
942 _cBK
999 _c11495
_d11495